FNM je zrelé na súdne dosadenie núteného správcu Ako to vidím ja

Bibliographic Details
Main Author: Vodová, Jana (Author)
Format: Article
Language:Slovak
Subjects:

MARC

LEADER 00000nab a2200000 a 4500
001 vtls000574143
003 SK-MaSNL
005 20260303013052.0
008 160202c1996 xo 0 slo
015 |a SNBRB19rr/mm-uuuuu 
035 |a CL0574281 
040 |a SNKBUCL  |b slo  |c SNKBUCL  |e AACR2 
041 0 |a slo 
044 |a xo  |c SK 
080 |a 330.52:061.2(437.6):338.246  |2 1981 
080 |a 338.246  |2 1981 
100 1 |a Vodová, Jana  |4 aut  |9 840855 
245 1 0 |a FNM je zrelé na súdne dosadenie núteného správcu  |b Ako to vidím ja  |c Jana Vodová 
650 0 7 |a Fond národného majetku Slovenskej republiky  |2 snkbucl  |9 893761 
655 7 |a články z novín a časopisov  |2 snkbucl  |9 267496 
773 0 |t Sme  |g Roč. 4 a 49, č. 42 (20. 2. 1996), s. 4 
850 |a Slovenská národná knižnica v Martine  |a MTA001 
852 |a SNK  |b KIS3GCP 
958 |a RK 
958 |a SK 
992 |a RBX 
999 |c 1600548  |d 1602478